[Event "EU-Cup (Women) 27th"]
[Site "Durres"]
[Date "2023.10.01"]
[Round "1.3"]
[White "Agrest, Svetlana"]
[Black "Unuk, Laura"]
[Result "0-1"]
[WhiteElo "2230"]
[BlackElo "2313"]
[PlyCount "78"]
[EventDate "2023.10.01"]
[EventType "team-swiss"]
[EventRounds "7"]
[EventCountry "ALB"]
[SourceTitle "EXT 2024"]
[Source "ChessBase"]
[SourceDate "2023.10.10"]
[SourceVersion "1"]
[SourceVersionDate "2023.10.10"]
[SourceQuality "1"]
[WhiteTeam "Pelaro Alingsas (W)"]
[BlackTeam "Ljubljana Tajfun (W)"]
[WhiteTeamCountry "SWE"]
[BlackTeamCountry "SLO"]

1. e4 c6 2. d4 d5 3. exd5 cxd5 4. Bd3 Nf6 5. h3 g6 6. Nf3 Nc6 7. c3 Bf5 8. Be2 Qc7 9. 0-0 Bg7 10. Be3 0-0 11. Qc1 Rac8 12. Bf4 Qb6 13. Nbd2 Ne4 14. Nb3 a5 15. Be3 a4 16. Nc5 Nxc5 17. dxc5 Qa5 18. b4 axb3 19. axb3 Qxc3 20. Qxc3 Bxc3 21. Rad1 Rfd8 22. g4 Be4 23. Nd4 Bxd4 24. Bxd4 Bc2 25. Rd2 Nxd4 26. Rxd4 Rxc5 27. Rc1 Rcc8 28. Rb4 d4 29. Rxb7 e6 30. f3 Rc3 31. b4 Be4 32. Rc7 Re3 33. Kf2 Bd5 34. b5 Rb3 35. Rd1 Ra8 36. Rxd4 Ra2 37. Rf4 e5 38. Rf6 Rbb2 39. g5 Rxe2+ 0-1

[Event "NOR-SWE m"]
[Site "Stavanger"]
[Date "2016.04.23"]
[Round "1.7"]
[White "Stanford, Sheila Barth"]
[Black "Agrest, Svetlana"]
[Result "1-0"]
[WhiteElo "2188"]
[BlackElo "2253"]
[PlyCount "55"]
[EventDate "2016.04.23"]
[EventType "team-match"]
[EventRounds "2"]
[EventCountry "NOR"]
[SourceTitle "CBM 172 Extra"]
[Source "ChessBase"]
[SourceDate "2016.06.21"]
[SourceVersion "1"]
[SourceVersionDate "2016.06.21"]
[SourceQuality "1"]
[WhiteTeam "Norway"]
[BlackTeam "Sweden"]
[WhiteTeamCountry "NOR"]
[BlackTeamCountry "SWE"]

1. e4 d6 2. d4 Nf6 3. Nc3 e5 4. Nf3 Nbd7 5. g4 Nxg4 6. Rg1 Ngf6 7. Be3 c6 8. Qd2 exd4 9. Nxd4 Nc5 10. f3 Be6 11. Nxe6 Nxe6 12. 0-0-0 Qa5 13. Kb1 0-0-0 14. Bh3 Nd7 15. f4 g6 16. f5 Nc7 17. Bf4 Ne8 18. Rg3 Kb8 19. fxg6 hxg6 20. Bxd7 Rxd7 21. e5 Bg7 22. exd6 Rh4 23. Re3 Nf6 24. Re7 Qb4 25. Bg5 Kc8 26. Bxh4 Qxh4 27. Qe3 Bf8 28. Qxa7 1-0

[Event "Politiken Cup 31st"]
[Site "Helsingor"]
[Date "2009.07.24"]
[Round "8"]
[White "Agrest, Svetlana"]
[Black "Jensen, Soren Holm"]
[Result "1-0"]
[WhiteElo "2260"]
[BlackElo "2054"]
[PlyCount "43"]
[EventDate "2009.07.18"]
[EventType "swiss"]
[EventRounds "10"]
[EventCountry "DEN"]
[SourceTitle "CBM 131 Extra"]
[Source "ChessBase"]
[SourceDate "2009.09.03"]
[SourceVersion "2"]
[SourceVersionDate "2009.09.16"]
[SourceQuality "1"]

1. e4 e5 2. Nf3 Nc6 3. Bc4 Bc5 4. d3 Nf6 5. c3 a6 6. Bb3 d6 7. h3 Ba7 8. Nbd2 0-0 9. Nf1 Be6 10. Ng3 d5 11. Qe2 Re8 12. Bg5 d4 13. Nh5 Bxb3 14. axb3 Qd6 15. Bxf6 gxf6 16. Nh4 Ne7 17. Qf3 Rf8 18. Nf5 Nxf5 19. Qxf5 Qe6 20. Nxf6+ Kg7 21. Qg5+ Kh8 22. Qh6 1-0

[Event "Politiken Cup 31st"]
[Site "Helsingor"]
[Date "2009.07.19"]
[Round "2"]
[White "Agrest, Svetlana"]
[Black "Carnstam, Tomas"]
[Result "1-0"]
[WhiteElo "2260"]
[BlackElo "2047"]
[PlyCount "145"]
[EventDate "2009.07.18"]
[EventType "swiss"]
[EventRounds "10"]
[EventCountry "DEN"]
[SourceTitle "CBM 131 Extra"]
[Source "ChessBase"]
[SourceDate "2009.09.03"]
[SourceVersion "2"]
[SourceVersionDate "2009.09.16"]
[SourceQuality "1"]

1. e4 c5 2. Nf3 Nc6 3. Bb5 g6 4. 0-0 Bg7 5. Re1 Nf6 6. e5 Nd5 7. Nc3 Nc7 8. Bxc6 bxc6 9. Ne4 Ne6 10. d3 0-0 11. Be3 d6 12. Qd2 f6 13. exf6 exf6 14. Bh6 d5 15. Ng3 Rb8 16. b3 Qd6 17. h4 Bxh6 18. Qxh6 Qf4 19. Qxf4 Nxf4 20. Re7 Rf7 21. Rae1 Bd7 22. Kf1 Kf8 23. Rxf7+ Kxf7 24. Nd2 Bg4 25. Nb1 Re8 26. Rxe8 Kxe8 27. f3 Bc8 28. Ne2 Ne6 29. Nbc3 Ke7 30. Kf2 Kd6 31. g4 g5 32. hxg5 fxg5 33. Na4 Nd4 34. Nxd4 cxd4 35. b4 Be6 36. Kg3 Ke5 37. Nc5 Bc8 38. Nb3 Be6 39. Na5 Bd7 40. Nb7 Be6 41. a3 Bd7 42. Nc5 Be6 43. Nb3 Bc8 44. Nc1 Bd7 45. Ne2 Be8 46. f4+ gxf4+ 47. Nxf4 c5 48. bxc5 Ba4 49. Ng2 Bxc2 50. Ne1 Bd1 51. Nf3+ Kf6 52. Nxd4 h5 53. gxh5 Bxh5 54. Kf4 Bg6 55. Ke3 Be8 56. Nf3 Bb5 57. Kd4 Ke6 58. Ne1 a5 59. Ng2 Kd7 60. Nf4 Kc6 61. Ng6 Kd7 62. Kxd5 Bc6+ 63. Ke5 Bb5 64. d4 Bc4 65. d5 Bb5 66. Nf8+ Kc7 67. Ne6+ Kd7 68. Nd4 Bd3 69. c6+ Kc8 70. d6 Bc4 71. Ne6 Bxe6 72. Kxe6 Kd8 73. c7+ 1-0

[Event "Four Nations"]
[Site "Oslo"]
[Date "2008.02.16"]
[Round "1.7"]
[White "Agrest, Svetlana"]
[Black "Chevannes, Sabrina"]
[Result "1-0"]
[WhiteElo "2257"]
[BlackElo "2074"]
[PlyCount "95"]
[EventDate "2008.02.15"]
[EventType "team"]
[EventRounds "3"]
[EventCountry "NOR"]
[SourceTitle "CBM 122 Extra"]
[Source "ChessBase"]
[SourceDate "2008.03.04"]
[SourceVersion "1"]
[SourceVersionDate "2008.03.04"]
[SourceQuality "1"]
[WhiteTeam "Sweden"]
[BlackTeam "England"]
[WhiteTeamCountry "SWE"]
[BlackTeamCountry "ENG"]

1. e4 c6 2. d4 d5 3. exd5 cxd5 4. Bd3 Nc6 5. c3 Qc7 6. h3 Nf6 7. Nf3 g6 8. 0-0 Bf5 9. Re1 Bxd3 10. Qxd3 Bg7 11. Ne5 Nd7 12. Bf4 Ndxe5 13. dxe5 e6 14. Qe3 0-0 15. Nd2 b5 16. Nf3 Rfd8 17. Bh6 Bh8 18. h4 a5 19. Rac1 Qa7 20. Qf4 d4 21. Ng5 d3 22. Ne4 Ne7 23. Bg5 Nd5 24. Qg3 Rd7 25. Rcd1 Nc7 26. Bf6 Ne8 27. Rxd3 Nxf6 28. exf6 Rad8 29. Red1 Rd5 30. Rd4 Qd7 31. Qf3 b4 32. Rxd5 exd5 33. c4 d4 34. b3 Qc6 35. Rd3 a4 36. Qf4 Qc8 37. g4 axb3 38. axb3 Qa8 39. Kh2 Qc8 40. g5 h6 41. Nd2 Qa8 42. Rxd4 Re8 43. Re4 Rd8 44. Rd4 Re8 45. Ne4 Qa1 46. Rd7 Qe1 47. Re7 Rd8 48. Nd6 1-0

[Event "EU-chT (Women) 16th"]
[Site "Heraklion"]
[Date "2007.10.29"]
[Round "2"]
[White "Agrest, Svetlana"]
[Black "Seps, Monika"]
[Result "1/2-1/2"]
[WhiteElo "2255"]
[BlackElo "2290"]
[PlyCount "162"]
[EventDate "2007.10.28"]
[EventType "team-tourn"]
[EventRounds "9"]
[EventCountry "GRE"]
[SourceTitle "EXT 2008"]
[Source "ChessBase"]
[SourceDate "2007.11.25"]
[SourceVersion "1"]
[SourceVersionDate "2007.11.25"]
[SourceQuality "1"]
[WhiteTeam "Sweden (W)"]
[BlackTeam "Switzerland (W)"]
[WhiteTeamCountry "SWE"]
[BlackTeamCountry "SUI"]

1. e4 c5 2. Nf3 d6 3. Bb5+ Nc6 4. 0-0 Bd7 5. Re1 Nf6 6. c3 a6 7. Bf1 Bg4 8. d3 g6 9. Nbd2 Bg7 10. h3 Bxf3 11. Nxf3 0-0 12. Bg5 Rc8 13. Qd2 Re8 14. Rad1 Qa5 15. a3 Nd7 16. Bh6 Bh8 17. g3 Nde5 18. Bg2 Nxf3+ 19. Bxf3 b5 20. Bg2 Qa4 21. Qe2 a5 22. h4 b4 23. axb4 axb4 24. Bd2 Qb3 25. Rb1 Rb8 26. Kh2 Qa2 27. e5 Nxe5 28. d4 bxc3 29. Bxc3 cxd4 30. Bxd4 Rb4 31. Rbd1 Reb8 32. Kh1 Bf6 33. Ra1 Qc4 34. Qxc4 Rxc4 35. Bc3 Nd3 36. Re2 Bxc3 37. bxc3 e6 38. Rd1 Rxc3 39. Red2 Rbb3 40. Bf1 Ne5 41. Rxd6 Rb2 42. R6d2 Rcc2 43. Rxc2 Rxc2 44. Kg1 Ng4 45. f3 Ne3 46. Rd3 Nxf1 47. Kxf1 h5 48. Rd7 Kg7 49. Ra7 Kf6 50. Rb7 Rd2 51. Ra7 e5 52. Rb7 Ke6 53. Ra7 f6 54. Ra6+ Rd6 55. Ra8 Kf5 56. Ke2 Rb6 57. Rf8 Rb2+ 58. Kf1 Rb3 59. Kf2 Rb2+ 60. Kf1 Rd2 61. Rf7 Ra2 62. Rf8 Ra6 63. Kf2 e4 64. fxe4+ Kxe4 65. Re8+ Kf5 66. Re2 Kg4 67. Kg2 g5 68. hxg5 fxg5 69. Re4+ Kf5 70. Rb4 Ra2+ 71. Kg1 Re2 72. Kf1 Re4 73. Rb2 Rg4 74. Kf2 Rc4 75. Kg2 Ke4 76. Ra2 Rd4 77. Re2+ Kf5 78. Ra2 Kg4 79. Rb2 Kf5 80. Ra2 Rd5 81. Rb2 Rd4 1/2-1/2

[Event "Cutro op-A 13th"]
[Site "Cutro"]
[Date "2007.04.23"]
[Round "1"]
[White "Agrest, Svetlana"]
[Black "Drasko, Milan"]
[Result "0-1"]
[WhiteElo "2257"]
[BlackElo "2543"]
[PlyCount "72"]
[EventDate "2007.04.23"]
[EventType "swiss"]
[EventRounds "9"]
[EventCountry "ITA"]
[SourceTitle "CBM 118 Extra"]
[Source "ChessBase"]
[SourceDate "2007.07.04"]
[SourceVersion "1"]
[SourceVersionDate "2007.07.04"]
[SourceQuality "1"]

1. e4 e6 2. d4 d5 3. exd5 exd5 4. Bd3 Nc6 5. c3 Bd6 6. h3 Nge7 7. Nf3 h6 8. Nbd2 0-0 9. 0-0 Bf5 10. Bxf5 Nxf5 11. Re1 Re8 12. Nf1 Qd7 13. Be3 Nce7 14. Qd3 Ng6 15. Rad1 Re4 16. Bc1 Rae8 17. Ne3 Nfh4 18. Nxh4 Nxh4 19. Qf1 c6 20. Ng4 Qe6 21. Rxe4 dxe4 22. c4 f5 23. d5 cxd5 24. cxd5 Qg6 25. Ne3 b5 26. Nc2 f4 27. Nd4 f3 28. g4 a6 29. a4 Qf6 30. Ne6 g5 31. axb5 Qe5 32. Bf4 gxf4 33. bxa6 Qxb2 34. a7 e3 35. Rb1 Qe2 36. Rb6 Qxf1+ 0-1

[Event "Nordic-ch (Women)"]
[Site "Vammala"]
[Date "2005.09.03"]
[Round "8"]
[White "Hagesaether, Ellen"]
[Black "Agrest, Svetlana"]
[Result "1-0"]
[WhiteElo "2190"]
[BlackElo "2270"]
[PlyCount "85"]
[EventDate "2005.08.24"]
[EventType "swiss"]
[EventRounds "9"]
[EventCountry "FIN"]
[SourceTitle "CBM 108 Extra"]
[Source "ChessBase"]
[SourceDate "2005.11.04"]
[SourceVersion "1"]
[SourceVersionDate "2005.11.04"]
[SourceQuality "1"]

1. e4 d6 2. d4 Nf6 3. Nc3 e5 4. Nge2 Be7 5. g3 0-0 6. Bg2 c6 7. h3 Nbd7 8. a4 b6 9. 0-0 a6 10. f4 Bb7 11. Kh2 c5 12. d5 Ne8 13. Ng1 Nc7 14. Nf3 Bf6 15. f5 b5 16. axb5 axb5 17. Rxa8 Bxa8 18. g4 b4 19. Ne2 Nb5 20. g5 Be7 21. Qe1 Bb7 22. Rg1 Kh8 23. Bf1 Nc7 24. Ng3 Ba6 25. Bxa6 Nxa6 26. Nh5 Nc7 27. Qh4 Rg8 28. Qg4 g6 29. Ng3 gxf5 30. Qxf5 Nf8 31. Qxf7 Ng6 32. Nf5 Ne8 33. N3h4 Nxh4 34. Nxe7 Ng7 35. Nxg8 Qxg8 36. Rf1 Ne8 37. Kg3 Ng6 38. h4 Qxf7 39. Rxf7 Kg8 40. Rd7 Kf8 41. Rxh7 Ng7 42. h5 Ne7 43. Rh8+ 1-0

[Event "EU-chT (Women) 15th"]
[Site "Gothenburg"]
[Date "2005.08.01"]
[Round "3"]
[White "Agrest, Svetlana"]
[Black "Vega Gutierrez, Sabrina Neide"]
[Result "1-0"]
[WhiteElo "2270"]
[BlackElo "2262"]
[PlyCount "65"]
[EventDate "2005.07.30"]
[EventType "team-swiss"]
[EventRounds "9"]
[EventCountry "SWE"]
[SourceTitle "CBM 107 Extra"]
[Source "ChessBase"]
[SourceDate "2005.09.01"]
[SourceVersion "1"]
[SourceVersionDate "2005.09.01"]
[SourceQuality "1"]
[WhiteTeam "Sweden (W)"]
[BlackTeam "Spain (W)"]
[WhiteTeamCountry "SWE"]
[BlackTeamCountry "ESP"]

1. e4 c5 2. Nf3 Nc6 3. Bb5 e6 4. 0-0 Nge7 5. Re1 a6 6. Bxc6 Nxc6 7. d4 cxd4 8. Nxd4 d6 9. Nc3 Be7 10. Nxc6 bxc6 11. Qg4 0-0 12. Bh6 Bf6 13. e5 dxe5 14. Ne4 Kh8 15. Rad1 Qe7 16. Be3 Rg8 17. Bc5 Qe8 18. Nd6 Qf8 19. Qh5 g6 20. Qf3 Be7 21. Nxf7+ Kg7 22. Bxe7 Qxf7 23. Qa3 Re8 24. Bd6 Kg8 25. Qc5 Ra7 26. Bxe5 Rd7 27. Bc3 Rd5 28. Rxd5 exd5 29. Rxe8+ Qxe8 30. Qd4 Qd7 31. Qh8+ Kf7 32. Qxh7+ Ke8 33. Qxg6+ 1-0

[Event "EU-chT (Women) 5th"]
[Site "Plovdiv"]
[Date "2003.10.17"]
[Round "6"]
[White "Agrest, Svetlana"]
[Black "Koskela, Niina"]
[Result "0-1"]
[WhiteElo "2245"]
[BlackElo "2280"]
[PlyCount "80"]
[EventDate "2003.10.10"]
[EventType "team-swiss"]
[EventRounds "9"]
[EventCountry "BUL"]
[SourceTitle "EXT 2020"]
[Source "ChessBase"]
[SourceDate "2019.10.17"]
[SourceVersion "1"]
[SourceVersionDate "2019.10.17"]
[SourceQuality "1"]
[WhiteTeam "Sweden (W)"]
[BlackTeam "Finland (W)"]
[WhiteTeamCountry "SWE"]
[BlackTeamCountry "FIN"]

1. e4 e5 2. Nf3 Nc6 3. d4 exd4 4. Bc4 Bc5 5. 0-0 Nf6 6. e5 d5 7. exf6 dxc4 8. Re1+ Be6 9. Ng5 Qd5 10. fxg7 Rg8 11. Nc3 Qf5 12. Nce4 Be7 13. g4 Qb5 14. Nxh7 Rxg7 15. Nhf6+ Bxf6 16. Nxf6+ Ke7 17. g5 Rxg5+ 18. Bxg5 Qxg5+ 19. Ng4 Kd7 20. f3 f5 21. Qe2 Bd5 22. Qg2 fxg4 23. Qxg4+ Qxg4+ 24. fxg4 Kd6 25. h3 Ne5 26. Kf2 Rf8+ 27. Kg3 Rf3+ 28. Kh4 Rf2 29. Rf1 Rxc2 30. Kg5 d3 31. h4 Rg2 32. Rf4 Be6 33. h5 Nxg4 34. h6 Nxh6+ 35. Kxh6 Rxb2 36. a4 Bd5 37. Rd1 Kc5 38. Kg5 Re2 39. Rh4 d2 40. Rh3 Kd4 0-1

[Event "Nordic-ch (Women)"]
[Site "Stockholm"]
[Date "2003.08.08"]
[Round "7"]
[White "Jiretorn, Eva"]
[Black "Agrest, Svetlana"]
[Result "0-1"]
[WhiteElo "2146"]
[BlackElo "2238"]
[PlyCount "90"]
[EventDate "2003.08.02"]
[EventType "swiss"]
[EventRounds "9"]
[EventCountry "SWE"]
[SourceTitle "CBM 095 Extra"]
[Source "ChessBase"]
[SourceDate "2003.09.04"]
[SourceVersion "1"]
[SourceVersionDate "2003.09.04"]
[SourceQuality "1"]

1. d4 d6 2. c4 f5 3. g3 Nf6 4. Nc3 g6 5. Bg2 Bg7 6. Nh3 Nc6 7. 0-0 0-0 8. Bg5 h6 9. Bxf6 Bxf6 10. d5 Ne5 11. Qd2 Kh7 12. b3 c5 13. Rad1 Rb8 14. Kh1 a6 15. a4 b6 16. Rde1 Qe8 17. f4 Ng4 18. e4 Qf7 19. exf5 gxf5 20. Nf2 Nxf2+ 21. Rxf2 Bd7 22. Rfe2 Qg7 23. Re3 Kh8 24. Qd3 Rf7 25. Bh3 Qh7 26. Bg2 Rg7 27. Qe2 h5 28. Bf1 Rbg8 29. Qg2 h4 30. Ne2 Rg4 31. Qh3 R4g6 32. Rd1 Rh6 33. Qg2 Rg4 34. Rdd3 Qg7 35. Qf2 hxg3 36. Rxg3 Bh4 37. Rxg4 fxg4 38. Ng3 Qf6 39. Bg2 Bf5 40. Rd1 Bd7 41. Qe3 Rh7 42. Be4 Bxg3 43. Qxg3 Rh3 44. Qf2 g3 45. Qe3 g2+ 0-1

[Event "Nordic-ch (Women)"]
[Site "Stockholm"]
[Date "2003.08.03"]
[Round "2"]
[White "Johansson, Viktoria"]
[Black "Agrest, Svetlana"]
[Result "0-1"]
[WhiteElo "2167"]
[BlackElo "2238"]
[PlyCount "142"]
[EventDate "2003.08.02"]
[EventType "swiss"]
[EventRounds "9"]
[EventCountry "SWE"]
[SourceTitle "CBM 095 Extra"]
[Source "ChessBase"]
[SourceDate "2003.09.04"]
[SourceVersion "1"]
[SourceVersionDate "2003.09.04"]
[SourceQuality "1"]

1. d4 d5 2. c4 e6 3. Nc3 c5 4. cxd5 exd5 5. Nf3 Nc6 6. e3 Nf6 7. Bb5 a6 8. Bxc6+ bxc6 9. 0-0 Bd6 10. dxc5 Bxc5 11. Qc2 Be7 12. b3 0-0 13. Bb2 Be6 14. Na4 Rc8 15. Nc5 Bxc5 16. Qxc5 Ne4 17. Qd4 f6 18. Nd2 c5 19. Qd3 Nxd2 20. Qxd2 Qb6 21. Rac1 Rfd8 22. h3 Qb5 23. Rfd1 a5 24. Ba3 Rc7 25. Rc4 Rdc8 26. Ra4 Ra7 27. Qc2 c4 28. bxc4 dxc4 29. Rd6 Bd7 30. Qd1 Qxa4 31. Qd5+ Kh8 32. Bc5 Qb5 33. Bxa7 Qxd5 34. Rxd5 c3 35. e4 c2 36. Be3 c1Q+ 37. Bxc1 Rxc1+ 38. Kh2 Rc7 39. Rxa5 h6 40. a3 Kg8 41. f3 Kf7 42. Rd5 Ra7 43. Rd3 Ke6 44. Kg3 Rb7 45. Rc3 Rb2 46. f4 Bb5 47. Rf3 Ra2 48. h4 Be2 49. Rb3 Bf1 50. Rb6+ Kd7 51. Rb7+ Kc6 52. Ra7 Kc5 53. e5 fxe5 54. fxe5 Kd5 55. Kf4 Rf2+ 56. Ke3 Rxg2 57. Kf4 Rf2+ 58. Ke3 Rg2 59. Kf4 g6 60. Rd7+ Ke6 61. Rd6+ Ke7 62. a4 Ra2 63. Rxg6 Rxa4+ 64. Kg3 h5 65. Rg7+ Ke6 66. Rg6+ Kd5 67. e6 Be2 68. Rg8 Rg4+ 69. Rxg4 Bxg4 70. e7 Bd7 71. Kf4 Ke6 0-1

[Event "Nordic-ch (Women)"]
[Site "Stockholm"]
[Date "2003.08.02"]
[Round "1"]
[White "Dalmau, Anneli"]
[Black "Agrest, Svetlana"]
[Result "1-0"]
[WhiteElo "2090"]
[BlackElo "2238"]
[PlyCount "87"]
[EventDate "2003.08.02"]
[EventType "swiss"]
[EventRounds "9"]
[EventCountry "SWE"]
[SourceTitle "CBM 095 Extra"]
[Source "ChessBase"]
[SourceDate "2003.09.04"]
[SourceVersion "1"]
[SourceVersionDate "2003.09.04"]
[SourceQuality "1"]

1. e4 d6 2. d4 Nf6 3. Nc3 e5 4. Nf3 Nbd7 5. Bc4 Be7 6. 0-0 0-0 7. Re1 c6 8. a4 exd4 9. Nxd4 Nc5 10. h3 a5 11. Ba2 Qb6 12. Nb3 Nxb3 13. Bxb3 Be6 14. Be3 Qc7 15. Bxe6 fxe6 16. Qd4 e5 17. Qc4+ Kh8 18. Rad1 Qc8 19. Qb3 Nh5 20. Ne2 Nf4 21. Ng3 g6 22. Ne2 c5 23. Qc4 h5 24. Nxf4 exf4 25. Bd2 f3 26. Bh6 Rg8 27. Bd2 fxg2 28. Bc3+ Kh7 29. Qf7+ Kh6 30. Qxe7 Qxh3 31. Bd2+ g5 32. Qxd6+ Rg6 33. Qh2 Qe6 34. Qxg2 b6 35. e5 Rf8 36. Re4 Qf5 37. Rde1 Kg7 38. e6 h4 39. e7 Re8 40. Bc3+ Kh7 41. Qg4 Qxg4+ 42. Rxg4 Kh6 43. Rge4 Kh5 44. Rd1 1-0